Reseña de los contratos-leyes bananeros de la República de Costa Rica

Sin resumen

Salvato in:
Dettagli Bibliografici
Autore principale: Laporte, Gilbert
Natura: testo
Pubblicazione: San José: s.e.
Soggetti:
Tags: Aggiungi Tag
Nessun Tag, puoi essere il primo ad aggiungerne!!

MARC

LEADER 00000 a a2200000 04500
001 19723
003
040
090 |a 079100  
100 |a Laporte, Gilbert  
245 |a Reseña de los contratos-leyes bananeros de la República de Costa Rica  
260 |a San José:   |b s.e.  
300 |a 26 p.  
520 |a Sin resumen  
650 |a CONVENIOS  
650 |a BANANOS  
650 |a EMPRESAS  
650 |a MULTINACIONALES  
999 |c 13314  |d 13314